MUMMY PORTRAITS FROM ROMAN EGYPT

محفوظ في:

المؤلف الرئيسي: William H.Peck

التنسيق: كتاب

اللغة: Undetermined

منشور في: Michigan The Detroit Institute of Arts 1967

الوسوم: إضافة وسم

لا توجد وسوم, كن أول من يضع وسما على هذه التسجيلة!

رقم الطلب: (P)N7588 .M8

LEADER 00326nam a2200121Ia 4500
008 240503s9999||||xx |||||||||||||| ||und||
050 4 |a (P)N7588 .M8 
100 1 |a William H.Peck 
245 1 0 |a MUMMY PORTRAITS FROM ROMAN EGYPT 
264 1 |a Michigan  |b The Detroit Institute of Arts  |c 1967 
300 |a 36  |c 26 
942 |2 lcc  |c PT 
999 |c 58280  |d 58280